000 00386nam a2200145Ia 4500
008 240729s9999 xx 000 0 und d
022 _a2356-3656
245 0 _aMakara Journal of Health Research
260 _aIndonesia
260 _bUniversitas Indonesia
650 _aMedicine
856 _uhttps://doaj.org/toc/97e3669a019140f7818fa7082e6caf0b
942 _2ddc
942 _cDOAJEJ
999 _c66562
_d66562
945 _a1
_bMadushi Gamage
_c1
_dMadushi Gamage